000 00433nam a2200181Ia 4500
001 18387
005 20260306171627.0
008 260306s9999||||xx |||||||||||||| ||und||
041 _aESP
082 _a658.4034
_bV935
100 _aVélez Ibarrola, Ricardo
_eAUT
245 0 _aProcesos estocásticos
260 _c2013
300 _axvi, 435 páginas :
_c24 cm.
650 _aGEN
654 _aCAN
942 _cLIB
_dJUS
_fJUS
_2ddc
_n
999 _c18387
_d18387